[Event "Titled Tuesday intern op 23rd May Late"]
[Site "Chess.com INT"]
[Date "2023.05.23"]
[Round "7"]
[White "Checa, Nicolas D"]
[Black "Tatarinov, Dmitry"]
[Result "0-1"]
[WhiteElo "2517"]
[BlackElo "2310"]
[PlyCount "64"]
[EventDate "2023.05.23"]
[EventType "swiss (blitz)"]
[EventRounds "11"]
[EventCountry "USA"]
[SourceTitle "EXT 2024"]
[Source "ChessBase"]
[SourceDate "2023.10.10"]
[SourceVersion "1"]
[SourceVersionDate "2023.10.10"]
[SourceQuality "1"]

1. d4 Nf6 2. c4 e6 3. Nf3 Bb4+ 4. Bd2 Be7 5. Nc3 d5 6. Bf4 0-0 7. Rc1 c6 8. e3 Nbd7 9. h3 b6 10. cxd5 Nxd5 11. Bh2 Nxc3 12. bxc3 Bb7 13. Bd3 c5 14. 0-0 Rc8 15. Qe2 Nf6 16. Ba6 Bxa6 17. Qxa6 Bd6 18. Ne5 Qe7 19. a4 Ne4 20. a5 bxa5 21. Qxa5 Nd2 22. Ra1 Nxf1 23. Kxf1 cxd4 24. cxd4 Rc7 25. Qa6 Rfc8 26. Ng6 Rc1+ 27. Ke2 hxg6 28. Bxd6 R8c2+ 29. Kd3 Qg5 30. Rxc1 Rxc1 31. g4 Qd5 32. Bb4 Qb3+ 0-1

[Event "Titled Tuesday intern op 23rd May Late"]
[Site "Chess.com INT"]
[Date "2023.05.23"]
[Round "5"]
[White "Hamitevici, Vladimir"]
[Black "Checa, Nicolas D"]
[Result "0-1"]
[WhiteElo "2493"]
[BlackElo "2517"]
[PlyCount "58"]
[EventDate "2023.05.23"]
[EventType "swiss (blitz)"]
[EventRounds "11"]
[EventCountry "USA"]
[SourceTitle "EXT 2024"]
[Source "ChessBase"]
[SourceDate "2023.10.10"]
[SourceVersion "1"]
[SourceVersionDate "2023.10.10"]
[SourceQuality "1"]

1. e4 e6 2. Qe2 Be7 3. Nf3 d5 4. d3 Nf6 5. Nbd2 b6 6. g3 dxe4 7. Nxe4 Bb7 8. Bg2 Nbd7 9. 0-0 0-0 10. Re1 c5 11. Nfd2 Qc7 12. Nc4 Nxe4 13. Bxe4 Bxe4 14. dxe4 b5 15. Na3 a6 16. c4 b4 17. Nc2 Ne5 18. Bf4 Bf6 19. g4 g5 20. Bg3 Qb6 21. Rad1 Rad8 22. b3 Rxd1 23. Rxd1 Rd8 24. f4 gxf4 25. Bxf4 Ng6 26. Bg3 Be5 27. Bxe5 Nxe5 28. Kg2 Qc7 29. h3 Ng6 0-1

[Event "Titled Tuesday intern op 23rd May Late"]
[Site "Chess.com INT"]
[Date "2023.05.23"]
[Round "1"]
[White "Haszon, David"]
[Black "Checa, Nicolas D"]
[Result "0-1"]
[WhiteElo "2264"]
[BlackElo "2517"]
[PlyCount "44"]
[EventDate "2023.05.23"]
[EventType "swiss (blitz)"]
[EventRounds "11"]
[EventCountry "USA"]
[SourceTitle "EXT 2024"]
[Source "ChessBase"]
[SourceDate "2023.10.10"]
[SourceVersion "1"]
[SourceVersionDate "2023.10.10"]
[SourceQuality "1"]

1. d4 d5 2. Bf4 Nf6 3. e3 Bg4 4. Qd3 c6 5. Nd2 e6 6. f3 Bf5 7. Qb3 Qb6 8. 0-0-0 Nbd7 9. g4 Bg6 10. h4 h5 11. g5 Ng8 12. c4 Ne7 13. Qxb6 axb6 14. a3 dxc4 15. Nxc4 Nd5 16. Nh3 b5 17. Ne5 Nxe5 18. dxe5 Bc5 19. Re1 Bf5 20. Rh2 b4 21. axb4 Ra1+ 22. Kd2 Bxb4+ 0-1

[Event "Mirandela op 3rd"]
[Site "Mirandela"]
[Date "2022.08.22"]
[Round "8"]
[White "Albornoz Cabrera, Carlos Daniel"]
[Black "Checa, Nicolas D"]
[Result "1-0"]
[WhiteElo "2578"]
[BlackElo "2526"]
[PlyCount "106"]
[EventDate "2022.08.17"]
[EventType "swiss"]
[EventRounds "9"]
[EventCountry "POR"]
[SourceTitle "CBM 209 Extra"]
[Source "ChessBase"]
[SourceDate "2022.09.30"]
[SourceVersion "1"]
[SourceVersionDate "2022.09.30"]
[SourceQuality "1"]

1. e4 e6 2. d4 d5 3. Nd2 c5 4. exd5 Qxd5 5. Ngf3 cxd4 6. Bc4 Qd6 7. 0-0 Nf6 8. Nb3 Nc6 9. Nbxd4 Nxd4 10. Nxd4 a6 11. Re1 Qc7 12. Qe2 h6 13. h3 Bc5 14. Nf5 0-0 15. Nxh6+ gxh6 16. Qf3 Be7 17. Bd3 Kh8 18. Bxh6 Rg8 19. Bd2 Qc6 20. Re4 Rg7 21. Bc3 Nxe4 22. Bxe4 Qb5 23. Qxf7 e5 24. Qh5+ Kg8 25. a4 Qc5 26. b4 Qd6 27. Bxe5 Qe6 28. Rd1 Qf7 29. Qh6 Rh7 30. Qb6 Be6 31. Bxh7+ Kxh7 32. Qxb7 Rg8 33. Rd3 Bc8 34. Qc7 Be6 35. Bd6 Bf6 36. Qxf7+ Bxf7 37. Rf3 Kg6 38. b5 axb5 39. Rg3+ Kf5 40. Rxg8 Bxg8 41. axb5 Bd4 42. Bc7 Ke4 43. b6 Bd5 44. Kf1 Bc4+ 45. Ke1 Ba6 46. h4 Bc3+ 47. Kd1 Bd4 48. f3+ Ke3 49. h5 Bb2 50. c4 Kd4 51. Kc2 Ba1 52. f4 Kxc4 53. Be5 Kd5 1-0

[Event "Mirandela op 3rd"]
[Site "Mirandela"]
[Date "2022.08.19"]
[Round "4"]
[White "Checa, Nicolas D"]
[Black "Sorensen, Hampus"]
[Result "0-1"]
[WhiteElo "2526"]
[BlackElo "2383"]
[PlyCount "88"]
[EventDate "2022.08.17"]
[EventType "swiss"]
[EventRounds "9"]
[EventCountry "POR"]
[SourceTitle "CBM 209 Extra"]
[Source "ChessBase"]
[SourceDate "2022.09.30"]
[SourceVersion "1"]
[SourceVersionDate "2022.09.30"]
[SourceQuality "1"]

1. Nf3 Nf6 2. c4 e6 3. d4 d5 4. Nc3 Nbd7 5. cxd5 exd5 6. Bg5 Bb4 7. e3 h6 8. Bh4 g5 9. Bg3 Ne4 10. Nd2 Nxg3 11. hxg3 Nb6 12. Bd3 c6 13. a3 Bf8 14. b4 Bg7 15. Na4 Nxa4 16. Qxa4 0-0 17. Qc2 Re8 18. Nb3 Qd6 19. Bh7+ Kf8 20. Bf5 b6 21. 0-0 Be6 22. Rfc1 Rac8 23. Ra2 h5 24. Bxe6 Qxe6 25. Qe2 g4 26. Rc3 Bf6 27. Rac2 Kg7 28. Nc1 Rh8 29. Nd3 h4 30. Nf4 Qd7 31. b5 c5 32. dxc5 Bxc3 33. c6 Qf5 34. Rxc3 hxg3 35. Qd2 gxf2+ 36. Kxf2 Qe5 37. Qd4 f6 38. Qxe5 fxe5 39. Nxd5 e4 40. Kg3 Rh5 41. Ne7 Rc7 42. Kf4 Kf6 43. Ng8+ Kf7 44. Kxg4 Rh8 0-1

[Event "Mirandela op 3rd"]
[Site "Mirandela"]
[Date "2022.08.18"]
[Round "2"]
[White "Checa, Nicolas D"]
[Black "Silva, Pedro Gil Ferreira"]
[Result "1-0"]
[WhiteElo "2526"]
[BlackElo "2317"]
[PlyCount "67"]
[EventDate "2022.08.17"]
[EventType "swiss"]
[EventRounds "9"]
[EventCountry "POR"]
[SourceTitle "CBM 209 Extra"]
[Source "ChessBase"]
[SourceDate "2022.09.30"]
[SourceVersion "1"]
[SourceVersionDate "2022.09.30"]
[SourceQuality "1"]

1. d4 Nf6 2. c4 e6 3. Nf3 Bb4+ 4. Bd2 c5 5. Bxb4 cxb4 6. a3 bxa3 7. Rxa3 0-0 8. Nc3 d6 9. e4 Nc6 10. Be2 e5 11. d5 Nb4 12. c5 Bg4 13. cxd6 Bxf3 14. Bxf3 Ne8 15. 0-0 Nxd6 16. Be2 a5 17. Nb5 Nxb5 18. Bxb5 Qd6 19. Rg3 f5 20. exf5 Rxf5 21. Qg4 Rf7 22. Qe6 Rd8 23. Re1 Kf8 24. Rxe5 Qxe6 25. dxe6 Rd1+ 26. Bf1 Rc7 27. Rf3+ Ke8 28. g3 Nc6 29. Ref5 Nd8 30. Kg2 Rd6 31. Bb5+ Ke7 32. Rf8 Kxe6 33. Re3+ Kd5 34. Rf5+ 1-0

[Event "Saint Louis Summer-B"]
[Site "Saint Louis"]
[Date "2022.06.05"]
[Round "4"]
[White "Burke, John M"]
[Black "Checa, Nicolas D"]
[Result "1-0"]
[WhiteElo "2579"]
[BlackElo "2533"]
[PlyCount "119"]
[EventDate "2022.06.02"]
[EventType "tourn"]
[EventRounds "9"]
[EventCountry "USA"]
[EventCategory "13"]
[SourceTitle "CBM 208 Extra"]
[Source "ChessBase"]
[SourceDate "2022.07.31"]
[SourceVersion "1"]
[SourceVersionDate "2022.07.31"]
[SourceQuality "1"]

1. e4 e6 2. d4 d5 3. Nc3 Nf6 4. e5 Nfd7 5. f4 c5 6. Nf3 Nc6 7. Be3 cxd4 8. Nxd4 Qb6 9. Qd2 Qxb2 10. Rb1 Qa3 11. Bb5 Nxd4 12. Bxd4 a6 13. Bxd7+ Bxd7 14. Rb3 Qe7 15. Rxb7 Qh4+ 16. g3 Qd8 17. Bb6 Qc8 18. Rc7 Qd8 19. Qe3 Bb4 20. a3 Be7 21. f5 0-0 22. 0-0 Bg5 23. Qd4 exf5 24. h4 Bh6 25. Nxd5 Be6 26. c4 Qb8 27. Ne7+ Kh8 28. Nxf5 Bxf5 29. Rxf5 Rd8 30. Qc5 Rd3 31. Kh2 Be3 32. Qc6 Bxb6 33. Rcxf7 Rd2+ 34. Kh3 Rd8 35. Rb7 Qc8 36. Qxc8 Raxc8 37. Rxb6 Rxc4 38. Rxa6 Kg8 39. Ra7 Rf8 40. Rxf8+ Kxf8 41. e6 Rc6 42. e7+ Ke8 43. g4 Rc3+ 44. Kg2 Rc4 45. Kg3 Rc3+ 46. Kf4 Rc4+ 47. Kf5 Rc5+ 48. Ke6 Rc6+ 49. Ke5 Rc4 50. Kd6 Rd4+ 51. Ke6 Re4+ 52. Kf5 Rc4 53. a4 Rc1 54. a5 Rf1+ 55. Ke4 Rg1 56. Kf3 Rf1+ 57. Ke2 Rf4 58. a6 Ra4 59. g5 Ra3 60. h5 1-0

[Event "Saint Louis Summer-B"]
[Site "Saint Louis"]
[Date "2022.06.03"]
[Round "2"]
[White "Antipov, Mikhail Al"]
[Black "Checa, Nicolas D"]
[Result "1/2-1/2"]
[WhiteElo "2592"]
[BlackElo "2533"]
[PlyCount "80"]
[EventDate "2022.06.02"]
[EventType "tourn"]
[EventRounds "9"]
[EventCountry "USA"]
[EventCategory "13"]
[SourceTitle "CBM 208 Extra"]
[Source "ChessBase"]
[SourceDate "2022.07.31"]
[SourceVersion "1"]
[SourceVersionDate "2022.07.31"]
[SourceQuality "1"]

1. d4 d5 2. c4 e6 3. Nc3 Nf6 4. cxd5 exd5 5. Bg5 c6 6. e3 Be7 7. Bd3 h6 8. Bh4 Nbd7 9. Nge2 0-0 10. Qc2 Re8 11. f3 b5 12. 0-0 Bb7 13. Bf2 Rc8 14. Qd2 a6 15. Ng3 c5 16. dxc5 Bxc5 17. Bf5 Qb6 18. Bxd7 Nxd7 19. Nxd5 Bxd5 20. Qxd5 Nf6 21. Qd2 Rcd8 22. Qc2 Bxe3 23. Bxe3 Qxe3+ 24. Qf2 Rd2 25. Qxe3 Rxe3 26. Rf2 Red3 27. Nf1 Rd1 28. Rxd1 Rxd1 29. Rd2 Rxd2 30. Nxd2 Kf8 31. Kf2 Nd5 32. a3 Ke7 33. g3 Kd6 34. Ke2 f5 35. Kd3 Ne7 36. f4 Nc6 37. Nf1 g6 38. Ne3 a5 39. Ng2 Kd5 40. Nh4 Ne7 1/2-1/2

[Event "Pan American Intercollegiate-chT"]
[Site "Dulles"]
[Date "2022.01.08"]
[Round "5.1"]
[White "Checa, Nicolas D"]
[Black "Carey, Aidan M"]
[Result "1-0"]
[WhiteElo "2531"]
[BlackElo "1795"]
[PlyCount "65"]
[EventDate "2022.01.06"]
[EventType "team-swiss"]
[EventRounds "6"]
[EventCountry "USA"]
[SourceTitle "EXT 2023"]
[Source "ChessBase"]
[SourceDate "2022.10.05"]
[SourceVersion "1"]
[SourceVersionDate "2022.10.05"]
[SourceQuality "1"]
[WhiteTeam "Yale"]
[BlackTeam "Illinois Urbana Champain II"]
[WhiteTeamCountry "USA"]
[BlackTeamCountry "USA"]

1. d4 g6 2. c4 Bg7 3. Nc3 e6 4. h4 d5 5. Bg5 f6 6. Bf4 Ne7 7. Nf3 0-0 8. e3 Nd7 9. cxd5 exd5 10. Nb5 Nb6 11. Nxc7 Rb8 12. Nxd5 Nbxd5 13. Bxb8 Bg4 14. Bg3 Nf5 15. Bc4 Kh8 16. Bxd5 Qxd5 17. 0-0 Re8 18. Rc1 Bh6 19. Rc5 Qxa2 20. Qc2 Bxf3 21. gxf3 Nxg3 22. Rc8 Qe6 23. Rxe8+ Qxe8 24. fxg3 Bxe3+ 25. Kg2 Bxd4 26. Rd1 Bb6 27. Qe4 Qb5 28. Rd2 Qc5 29. Kh3 Qb5 30. Qe2 Qc5 31. Qe6 Qc6 32. Qe7 Qb5 33. Qf8# 1-0

[Event "US Masters"]
[Site "Charlotte"]
[Date "2021.11.28"]
[Round "9"]
[White "Aaron, Deepak"]
[Black "Checa, Nicolas D"]
[Result "1/2-1/2"]
[WhiteElo "2275"]
[BlackElo "2545"]
[PlyCount "30"]
[EventDate "2021.11.24"]
[EventType "swiss"]
[EventRounds "9"]
[EventCountry "USA"]
[SourceTitle "CBM 205 Extra"]
[Source "ChessBase"]
[SourceDate "2022.01.31"]
[SourceVersion "1"]
[SourceVersionDate "2022.01.31"]
[SourceQuality "1"]

1. e4 e6 2. d4 d5 3. Nd2 c5 4. exd5 Qxd5 5. Ngf3 cxd4 6. Bc4 Qd6 7. Qe2 Nf6 8. Nb3 Nc6 9. Bg5 Be7 10. 0-0-0 0-0 11. Nbxd4 Nxd4 12. Rxd4 Qc7 13. Rhd1 a6 14. Ne5 b5 15. Bd3 g6 1/2-1/2

[Event "US Masters"]
[Site "Charlotte"]
[Date "2021.11.26"]
[Round "5"]
[White "Ngo, Bach"]
[Black "Checa, Nicolas D"]
[Result "0-1"]
[WhiteElo "2306"]
[BlackElo "2545"]
[PlyCount "182"]
[EventDate "2021.11.24"]
[EventType "swiss"]
[EventRounds "9"]
[EventCountry "USA"]
[SourceTitle "CBM 205 Extra"]
[Source "ChessBase"]
[SourceDate "2022.01.31"]
[SourceVersion "1"]
[SourceVersionDate "2022.01.31"]
[SourceQuality "1"]

1. d4 d5 2. Nf3 Nf6 3. c4 e6 4. Nc3 c6 5. e3 Nbd7 6. Qc2 Bd6 7. b3 0-0 8. Be2 b6 9. Bb2 Bb7 10. 0-0 Qe7 11. Rad1 c5 12. cxd5 exd5 13. dxc5 bxc5 14. Rc1 Rac8 15. Qf5 Qe6 16. Bd3 h6 17. Ne2 Rfe8 18. Ng3 a5 19. Rfd1 a4 20. Qxe6 fxe6 21. Bb5 Bc6 22. bxa4 Bxb5 23. axb5 Ra8 24. Bxf6 gxf6 25. Ne4 Be7 26. Nc3 f5 27. Nxd5 exd5 28. Rxd5 Nb6 29. Rxf5 Rxa2 30. Ne5 c4 31. h4 Ba3 32. Rd1 c3 33. Rd4 Re7 34. Nd3 Rf7 35. Re5 Rd7 36. Re6 Rxd4 37. exd4 Nd5 38. b6 Rb2 39. Nxb2 cxb2 40. Re1 Nxb6 41. g4 Nd5 42. Kg2 Nc3 43. Re8+ Kf7 44. Rb8 b1Q 45. Rxb1 Nxb1 46. f4 Bb2 47. h5 Bxd4 48. g5 hxg5 49. fxg5 Be3 50. h6 Bxg5 51. h7 Kg7 52. Kf3 Nc3 53. Kg4 Bf6 54. Kf5 Bd4 55. h8Q+ Kxh8 56. Ke6 Kg7 57. Ke7 Kg6 58. Ke6 Kg5 59. Kd6 Kf6 60. Kd7 Bc5 61. Kc6 Bb4 62. Kd7 Ke5 63. Kc7 Kd5 64. Kb6 Kd6 65. Kb7 Ba5 66. Ka6 Bc7 67. Kb7 Kd7 68. Ka6 Kc6 69. Ka7 Nd5 70. Ka8 Nb6+ 71. Ka7 Bf4 72. Ka6 Bb8 73. Ka5 Nd5 74. Ka4 Kc5 75. Kb3 Nb4 76. Kc3 Bf4 77. Kb3 Be5 78. Ka4 Kc4 79. Ka5 Bc7+ 80. Ka4 Bb6 81. Ka3 Nd3 82. Ka4 Nb2+ 83. Ka3 Kc3 84. Ka2 Nc4 85. Kb1 Be3 86. Ka2 Kc2 87. Ka1 Bc1 88. Ka2 Nb6 89. Ka1 Na4 90. Ka2 Nc3+ 91. Ka1 Bb2# 0-1

[Event "US Masters"]
[Site "Charlotte"]
[Date "2021.11.24"]
[Round "1"]
[White "Park, Evan"]
[Black "Checa, Nicolas D"]
[Result "1-0"]
[WhiteElo "2168"]
[BlackElo "2545"]
[PlyCount "113"]
[EventDate "2021.11.24"]
[EventType "swiss"]
[EventRounds "9"]
[EventCountry "USA"]
[SourceTitle "CBM 205 Extra"]
[Source "ChessBase"]
[SourceDate "2022.01.31"]
[SourceVersion "1"]
[SourceVersionDate "2022.01.31"]
[SourceQuality "1"]

1. e4 e6 2. d4 d5 3. Nc3 Bb4 4. e5 b6 5. a3 Bxc3+ 6. bxc3 Qd7 7. h4 Ba6 8. Bxa6 Nxa6 9. a4 Ne7 10. Ne2 Nb8 11. Nf4 Nbc6 12. Nh5 Rg8 13. Bh6 Kf8 14. Nf6 Qc8 15. Nxg8 Kxg8 16. Bg5 Qa6 17. Qd3 Qc4 18. Bxe7 Nxe7 19. a5 b5 20. a6 Qc6 21. h5 h6 22. 0-0 Qd7 23. f4 Rf8 24. Rab1 c6 25. g4 f5 26. exf6 Rxf6 27. Qe2 Nc8 28. g5 Rf5 29. Rbe1 Kf7 30. gxh6 gxh6 31. Qg4 Nd6 32. Re2 Rf6 33. Rfe1 Qc8 34. Rg2 Nf5 35. Re5 Ke7 36. Rxf5 Rxf5 37. Qg7+ Rf7 38. Qxh6 Qxa6 39. Kh2 b4 40. Qg5+ Kd7 41. Qg6 Ke7 42. Qg5+ Kd7 43. Qg8 Ke7 44. Qb8 Qb6 45. Qe5 c5 46. h6 cxd4 47. cxd4 Qd6 48. Qxd6+ Kxd6 49. Rg7 Rxf4 50. h7 Rh4+ 51. Kg3 Rh1 52. Rxa7 e5 53. Ra6+ Kc7 54. Ra8 Rxh7 55. Ra7+ Kc6 56. Rxh7 exd4 57. Kf3 1-0

[Event "USA-ch U20"]
[Site "Saint Louis"]
[Date "2021.07.22"]
[Round "6"]
[White "Burke, John M"]
[Black "Checa, Nicolas D"]
[Result "1/2-1/2"]
[WhiteElo "2538"]
[BlackElo "2552"]
[PlyCount "63"]
[EventDate "2021.07.16"]
[EventType "tourn"]
[EventRounds "9"]
[EventCountry "USA"]
[EventCategory "10"]
[SourceTitle "CBM 203 Extra"]
[Source "ChessBase"]
[SourceDate "2021.09.30"]
[SourceVersion "1"]
[SourceVersionDate "2021.09.30"]
[SourceQuality "1"]

1. e4 e6 2. d4 d5 3. Nc3 Nf6 4. Bg5 dxe4 5. Nxe4 Be7 6. Bxf6 Bxf6 7. Nxf6+ Qxf6 8. Qd3 0-0 9. 0-0-0 Rd8 10. Qc3 e5 11. Nf3 exd4 12. Rxd4 Rxd4 13. Nxd4 Nc6 14. Nxc6 Qxc3 15. bxc3 bxc6 16. Bc4 Kf8 17. Re1 Bd7 18. Re5 a5 19. Kb2 f6 20. Rh5 h6 21. Rh4 Ke7 22. Re4+ Kd6 23. Rd4+ Ke7 24. Be2 Be6 25. Ka3 Rb8 26. Ra4 Ra8 27. Rd4 Rb8 28. Bc4 Bxc4 29. Rxc4 Kd6 30. Rd4+ Ke6 31. Re4+ Kd6 32. Rd4+ 1/2-1/2

[Event "USA-ch U20"]
[Site "Saint Louis"]
[Date "2021.07.17"]
[Round "2"]
[White "Checa, Nicolas D"]
[Black "Brodsky, David"]
[Result "1/2-1/2"]
[WhiteElo "2552"]
[BlackElo "2455"]
[PlyCount "66"]
[EventDate "2021.07.16"]
[EventType "tourn"]
[EventRounds "9"]
[EventCountry "USA"]
[EventCategory "10"]
[SourceTitle "CBM 203 Extra"]
[Source "ChessBase"]
[SourceDate "2021.09.30"]
[SourceVersion "1"]
[SourceVersionDate "2021.09.30"]
[SourceQuality "1"]

1. d4 Nf6 2. c4 e6 3. Nf3 b6 4. g3 Bb7 5. Bg2 Bb4+ 6. Bd2 Be7 7. Nc3 c6 8. 0-0 d5 9. Bf4 dxc4 10. Ne5 Nd5 11. Nxc4 Nxf4 12. gxf4 0-0 13. e3 Nd7 14. Qc2 Qc7 15. Rfd1 Rac8 16. Rac1 Rfd8 17. a3 Nf6 18. Ne5 c5 19. dxc5 Bxg2 20. Kxg2 Bxc5 21. Rxd8+ Rxd8 22. Qa4 Rd2 23. Nc4 Rd7 24. b4 Bf8 25. Ne5 Rd2 26. Qa6 Nd5 27. Nxd5 Qxc1 28. Qxa7 Rxf2+ 29. Kxf2 Qd2+ 30. Kf3 Qd1+ 31. Kg2 Qe2+ 32. Kg3 Qe1+ 33. Kf3 Qd1+ 1/2-1/2

[Event "USA-ch U20"]
[Site "Saint Louis"]
[Date "2021.07.16"]
[Round "1"]
[White "Jacobson, Brandon"]
[Black "Checa, Nicolas D"]
[Result "0-1"]
[WhiteElo "2504"]
[BlackElo "2552"]
[PlyCount "94"]
[EventDate "2021.07.16"]
[EventType "tourn"]
[EventRounds "9"]
[EventCountry "USA"]
[EventCategory "10"]
[SourceTitle "CBM 203 Extra"]
[Source "ChessBase"]
[SourceDate "2021.09.30"]
[SourceVersion "1"]
[SourceVersionDate "2021.09.30"]
[SourceQuality "1"]

1. Nf3 d5 2. e3 Nf6 3. c4 e6 4. Nc3 Be7 5. b3 0-0 6. Bb2 b6 7. cxd5 exd5 8. d4 c5 9. Bd3 Nc6 10. dxc5 bxc5 11. 0-0 Bb7 12. Rc1 Qa5 13. Na4 Ne4 14. Bxe4 dxe4 15. Ne5 Nxe5 16. Bxe5 c4 17. Bc3 Qg5 18. bxc4 Rad8 19. Qc2 Rd6 20. Qe2 Rg6 21. g3 Rh6 22. Rfd1 Bc8 23. Rd5 Qg6 24. f4 exf3 25. Qxf3 Bb7 26. e4 Bxd5 27. exd5 Bg5 28. Rf1 Qc2 29. h4 Bf6 30. Qd1 Qg6 31. Qf3 Qc2 32. Qd1 Qg6 33. Qf3 Bxh4 34. Be5 Bg5 35. Nc3 Qc2 36. Rf2 Qc1+ 37. Rf1 Qd2 38. Ne2 Ra6 39. a3 Be3+ 40. Kh1 Bc5 41. Qg4 Rh6+ 42. Kg2 Rg6 43. Qf3 Ra6 44. Qg4 g6 45. Bc3 Qd3 46. Bb4 Bxb4 47. axb4 h5 0-1

[Event "Junior Speed Final"]
[Site "Chess.com INT"]
[Date "2021.07.10"]
[Round "1.12"]
[White "Checa, Nicolas D"]
[Black "Nihal, Sarin"]
[Result "0-1"]
[WhiteElo "2552"]
[BlackElo "2620"]
[PlyCount "80"]
[EventDate "2021.07.01"]
[EventType "k.o. (blitz)"]
[EventRounds "4"]
[EventCountry "USA"]
[SourceTitle "CBM 203 Extra"]
[Source "ChessBase"]
[SourceDate "2021.09.30"]
[SourceVersion "1"]
[SourceVersionDate "2021.09.30"]
[SourceQuality "1"]

1. d4 Nf6 2. c4 e6 3. Nf3 d5 4. Nc3 h6 5. g3 Bd6 6. Bg2 0-0 7. 0-0 Nc6 8. e3 dxc4 9. Nd2 e5 10. d5 Na5 11. Qe2 Bg4 12. f3 Bd7 13. Nxc4 Nxc4 14. Qxc4 c6 15. Rd1 cxd5 16. Nxd5 Be6 17. Nxf6+ Qxf6 18. Qb5 Qe7 19. Bd2 a6 20. Qe2 Rac8 21. Bc3 Bb4 22. Bxb4 Qxb4 23. f4 exf4 24. exf4 Qb6+ 25. Kh1 Rfe8 26. Rac1 Bxa2 27. Rxc8 Rxc8 28. b3 Bxb3 29. Rb1 Bd5 30. Rd1 Bxg2+ 31. Qxg2 Qb3 32. Re1 a5 33. f5 a4 34. f6 a3 35. Qe4 Qe6 36. Qb4 Qc6+ 37. Kg1 a2 38. Qb2 Qc2 39. Qe5 Qc5+ 40. Qxc5 Rxc5 0-1

[Event "Junior Speed Final"]
[Site "Chess.com INT"]
[Date "2021.07.10"]
[Round "1.23"]
[White "Checa, Nicolas D"]
[Black "Nihal, Sarin"]
[Result "1-0"]
[WhiteElo "2552"]
[BlackElo "2620"]
[PlyCount "89"]
[EventDate "2021.07.01"]
[EventType "k.o. (blitz)"]
[EventRounds "4"]
[EventCountry "USA"]
[SourceTitle "CBM 203 Extra"]
[Source "ChessBase"]
[SourceDate "2021.09.30"]
[SourceVersion "1"]
[SourceVersionDate "2021.09.30"]
[SourceQuality "1"]

1. d4 Nf6 2. c4 e6 3. Nf3 d5 4. Nc3 h6 5. cxd5 exd5 6. Bf4 Bd6 7. Bg3 0-0 8. Qc2 c6 9. e3 Re8 10. Bd3 Bxg3 11. hxg3 Bg4 12. Ne5 Nbd7 13. Nxg4 Nxg4 14. Bf5 Ngf6 15. 0-0-0 Nb6 16. g4 Nc4 17. Rh3 Nd6 18. Rdh1 Kf8 19. Rh4 Nxf5 20. Qxf5 Qd7 21. Qf4 Ne4 22. Rh5 Nxc3 23. bxc3 Re4 24. Qf5 Qxf5 25. gxf5 Ke7 26. Kd2 Kf6 27. f3 Re7 28. g4 Rae8 29. Re1 c5 30. Rhh1 b6 31. Kd3 cxd4 32. cxd4 Rc7 33. Rc1 Rec8 34. Rxc7 Rxc7 35. e4 dxe4+ 36. fxe4 Kg5 37. e5 Kf4 38. Rf1+ Kg3 39. Ke4 g6 40. f6 h5 41. gxh5 gxh5 42. e6 h4 43. e7 Rc8 44. d5 h3 45. d6 1-0

[Event "Junior Speed Final"]
[Site "Chess.com INT"]
[Date "2021.07.10"]
[Round "1.27"]
[White "Checa, Nicolas D"]
[Black "Nihal, Sarin"]
[Result "0-1"]
[WhiteElo "2552"]
[BlackElo "2620"]
[PlyCount "50"]
[EventDate "2021.07.01"]
[EventType "k.o. (blitz)"]
[EventRounds "4"]
[EventCountry "USA"]
[SourceTitle "CBM 203 Extra"]
[Source "ChessBase"]
[SourceDate "2021.09.30"]
[SourceVersion "1"]
[SourceVersionDate "2021.09.30"]
[SourceQuality "1"]

1. d4 g6 2. c4 Bg7 3. Nc3 d6 4. e4 Nc6 5. Be3 e5 6. d5 Nce7 7. Nf3 f5 8. Ng5 f4 9. Bd2 Nf6 10. c5 0-0 11. cxd6 cxd6 12. Qb3 h6 13. Ne6 Bxe6 14. dxe6 Kh7 15. Bc4 f3 16. g3 a6 17. Qxb7 Rb8 18. Qxa6 Rxb2 19. Qa3 Rxd2 20. Kxd2 Qb6 21. Rhf1 Qd4+ 22. Bd3 Rc8 23. Rae1 h5 24. Kc2 Nfd5 25. exd5 e4 0-1

[Event "Junior Speed Final"]
[Site "Chess.com INT"]
[Date "2021.07.10"]
[Round "1.13"]
[White "Nihal, Sarin"]
[Black "Checa, Nicolas D"]
[Result "1-0"]
[WhiteElo "2620"]
[BlackElo "2552"]
[PlyCount "87"]
[EventDate "2021.07.01"]
[EventType "k.o. (blitz)"]
[EventRounds "4"]
[EventCountry "USA"]
[SourceTitle "CBM 203 Extra"]
[Source "ChessBase"]
[SourceDate "2021.09.30"]
[SourceVersion "1"]
[SourceVersionDate "2021.09.30"]
[SourceQuality "1"]

1. d4 d5 2. Nf3 Nf6 3. Bf4 c5 4. e3 Nc6 5. Nbd2 cxd4 6. exd4 Bg4 7. c3 e6 8. Qb3 Qc8 9. Bd3 Be7 10. 0-0 0-0 11. Rfe1 Bh5 12. h3 Bg6 13. Bxg6 hxg6 14. Qb5 a6 15. Qd3 Na5 16. Ne5 b5 17. h4 Nc4 18. Rab1 Bd6 19. b3 Nxd2 20. Bxd2 Ne4 21. Nf3 Qd8 22. Bg5 Qc7 23. Rbc1 Rfc8 24. Bd2 Qa5 25. Rc2 Rc6 26. Rec1 Rac8 27. c4 Nxd2 28. Nxd2 bxc4 29. bxc4 dxc4 30. Nxc4 Qb5 31. g3 Be7 32. Qb3 Qd5 33. Ne5 Qxb3 34. Nxc6 Qa3 35. Nxe7+ Qxe7 36. Rxc8+ Kh7 37. R1c7 Qf6 38. Rf8 Qxd4 39. Rfxf7 Kh6 40. Rxg7 Kh5 41. Rcf7 e5 42. Rf6 e4 43. Rgxg6 e3 44. Rg5# 1-0

[Event "Junior Speed Final"]
[Site "Chess.com INT"]
[Date "2021.07.10"]
[Round "1.15"]
[White "Nihal, Sarin"]
[Black "Checa, Nicolas D"]
[Result "1-0"]
[WhiteElo "2620"]
[BlackElo "2552"]
[PlyCount "69"]
[EventDate "2021.07.01"]
[EventType "k.o. (blitz)"]
[EventRounds "4"]
[EventCountry "USA"]
[SourceTitle "CBM 203 Extra"]
[Source "ChessBase"]
[SourceDate "2021.09.30"]
[SourceVersion "1"]
[SourceVersionDate "2021.09.30"]
[SourceQuality "1"]

1. e4 e6 2. d3 d5 3. Nd2 Nf6 4. Ngf3 b6 5. exd5 exd5 6. g3 Be7 7. Bg2 0-0 8. 0-0 Re8 9. Re1 c5 10. Ne5 Bd6 11. Ndf3 Bb7 12. Bf4 Qc7 13. d4 cxd4 14. Qxd4 Ne4 15. Nd3 Nc6 16. Bxd6 Qxd6 17. Qe3 h6 18. c3 Na5 19. Qf4 Qxf4 20. Nxf4 Nc4 21. Re2 Nc5 22. Rae1 Rxe2 23. Rxe2 Kf8 24. Nd4 Rd8 25. b3 Na3 26. h4 Nb1 27. Re3 Ne4 28. c4 dxc4 29. Nde6+ fxe6 30. Nxe6+ Kg8 31. Nxd8 c3 32. Bxe4 Bxe4 33. Rxe4 Nd2 34. Re8+ Kh7 35. Ne6 1-0